| 000 | 01620cab a2200265 4500 | ||
|---|---|---|---|
| 001 | ABS59195 | ||
| 008 | 090401t1998 xxu||||| |||| 00| 0 eng d | ||
| 035 | _a(Sirsi) u88002 | ||
| 041 | _aeng | ||
| 245 | _aMinja Properties Ltd v Cussins Property Group plc and others | ||
| 260 | _c1998 | ||
| 350 | _a0 | ||
| 490 |
_aEstates Gazette _v[1998] 30 EG 114-119(6) |
||
| 520 | _aChD 6 February 1998. M is landlord of a building where each of the defendants is a tenant. The leases provide for M to keep the window frames in repair, subject to recovery of the cost through the service charge, and for the defendant tenants to maintain the glass in the windows. In December 1997 a contract was placed to refurbish the exterior of the building, including replacement of the existing rusted single glazed window frames with double glazed units. By November 1997 both defendants objected to the replacement, contending that it went beyond the meaning of repair, and M should not have access to their premises to carry out the repair. The writ was issued in January 1998. "Held" The additional cost of using window frames that would take double glazing and the cost of installing two panes of glass was of a comparatively trivial amount and the alterations did not constitute renewal. A mandatory injunction was granted. | ||
| 650 | _aACCESS | ||
| 650 | _aCOST OF WORKS | ||
| 650 |
_aLANDLORD AND TENANT _96252 |
||
| 650 | _aMANDATORY INJUNCTIONS | ||
| 650 | _aRENEWAL | ||
| 650 | _aREPAIRING COVENANTS | ||
| 650 | _aSERVICE CHARGES | ||
| 690 | _aLANDLORD AND TENANT-CASE LAW | ||
| 942 | _n0 | ||
| 948 | _c14/08/1998 | ||
| 999 |
_c55560 _d55560 |
||